Nguồn gốc và quá trình hình thành cách đọc Hán Việt

NV Từ Hán Việt

Na minha lista:
Detalhes bibliográficos
Autor principal: Nguyễn, Tài Cẩn
Formato: Livro
Idioma:Undetermined
Publicado em: H. Đại học Quốc gia Hà Nội 2004
Assuntos:
Acesso em linha:http://lrc.tdmu.edu.vn/opac/search/detail.asp?aID=2&ID=3908
Tags: Adicionar Tag
Sem tags, seja o primeiro a adicionar uma tag!
Thư viện lưu trữ: Trung tâm Học liệu Trường Đại học Thủ Dầu Một
LEADER 00749nam a2200205Ia 4500
001 TDMU_3908
008 210410s9999 xx 000 0 und d
082 |a 495.9221 
090 |b N4994 
100 |a Nguyễn, Tài Cẩn 
245 0 |a Nguồn gốc và quá trình hình thành cách đọc Hán Việt 
245 0 |c Nguyễn Tài Cẩn 
260 |a H. 
260 |b Đại học Quốc gia Hà Nội 
260 |c 2004 
300 |a 353tr. 
520 |a NV Từ Hán Việt 
650 |a Chữ Hán Việt  |x Nguồn gốc; Chữ Hán Việt  |x Phát âm 
856 |u http://lrc.tdmu.edu.vn/opac/search/detail.asp?aID=2&ID=3908 
980 |a Trung tâm Học liệu Trường Đại học Thủ Dầu Một